000 00429nam a22001337a 4500
040 _cNUST
082 _a200 THE
100 _aMuhammad Uzair
_984412
110 _a Supervisor Dr. Azhar Ul Haq
_984413
245 _aTH-SOF-1896-The Nonlinear Model of Fourth Order Class-D Amplifier Using Dynamic Sliding Mode Controller
260 _aISLAMABAD:
_bNUST COLLEGE OF EME,
_c2021.
650 _aMS-ELECT-17
_984414
942 _2ddc
_cTHE
999 _c586840
_d586840